000 00534nam a22001937a 4500
005 20251021121601.0
008 251021b |||||||| |||| 00| 0 eng d
020 _a9788193554722
040 _cILCL
041 _2eng
_aeng
084 _aQ2:4v Q9.1.3
100 _aKane, Pandurang Vaman
_9848906
245 _aHistory of Dharmasastra
250 _a3
260 _aPune
_bBhandarkar Oriental Research Institute
_c2019
300 _axlvii,704p.
490 _aGovernment Oriental Series Class B, No.6
_vv2,p1
942 _2CC
_cTB
999 _c1464901
_d1464901